Central Library OPAC University of Rajshahi

Servomechanisms / (Record no. 73308)

MARC details
000 -LEADER
fixed length control field 00725nam a2200241 a 4500
001 - CONTROL NUMBER
control field 73308
003 - CONTROL NUMBER IDENTIFIER
rucl marc code BD-RjUL
005 - DATE AND TIME OF LATEST TRANSACTION
control field 20211209082356.0
008 - FIXED-LENGTH DATA ELEMENTS--GENERAL INFORMATION
fixed length control field 720531s1963 njua 000 0 eng
035 ## - SYSTEM CONTROL NUMBER
System control number (BD-RjUL)73526
040 ## - CATALOGING SOURCE
Original cataloging agency DLC
Transcribing agency OBgU
Modifying agency OCoLC
-- Uk
-- DLC
-- BD-RjUL
Language of cataloging eng
041 ## - LANGUAGE CODE
Language code of text/sound track or separate title eng
082 ## - DEWEY DECIMAL CLASSIFICATION NUMBER
Classification number 629.8323
Edition number 23
Author mark and year JOS 1965
100 1# - MAIN ENTRY--PERSONAL NAME
Personal name Johnson, Eric R.
9 (RLIN) 216844
245 10 - TITLE STATEMENT
Title Servomechanisms /
Statement of responsibility, etc. Eric R.Johnson
260 ## - PUBLICATION, DISTRIBUTION, ETC. (IMPRINT)
Place of publication, distribution, etc. Englewood Cliffs, N.J.:
Name of publisher, distributor, etc. Prentice-Hall,
Date of publication, distribution, etc. 1963 [printing1965]
300 ## - PHYSICAL DESCRIPTION
Pagination xii, 336 p. :
Illustrations ill. ;
Size 24 cm.
490 0# - SERIES STATEMENT
Series statement Electronic technology series
650 #0 - SUBJECT ADDED ENTRY--TOPICAL TERM
Topical term or geographic name as entry element Servomechanisms.
9 (RLIN) 216225
830 ## - SERIES ADDED ENTRY--UNIFORM TITLE
Uniform title Electronic technology series
942 ## - ADDED ENTRY ELEMENTS (KOHA)
Source of classification or shelving scheme Dewey Decimal Classification
Koha item type Books
Holdings
Lost status Source of classification or shelving scheme Damaged status Not for loan Collection code Permanent Location Current Location Shelving location Date acquired Source of acquisition Cost, normal purchase price Total Checkouts Full call number Date last seen Copy number Koha item type
  Dewey Decimal Classification   Not For Loan Non-fiction Central Library, University of Rajshahi Central Library, University of Rajshahi Reading Room 08/09/1989 Zeetlinger 98.00   629.8323 JOS 1965 30/05/2017 C-1 Books
  Dewey Decimal Classification     Non-fiction Central Library, University of Rajshahi Central Library, University of Rajshahi   08/09/1989 Zeetlinger 98.00   629.8323 JOS 1965 30/05/2017 C-2 Books